[Event "Chigorin Memorial 2019"]
[Site "St Petersburg RUS"]
[Date "2019.10.05"]
[Round "1.49"]
[White "Popov, Mikhail"]
[Black "Zakharova, Viktoriya"]
[Result "1-0"]
[WhiteTitle "IM"]
[WhiteElo "2399"]
[BlackElo "1939"]
[WhiteFideId "4146182"]
[BlackFideId "24183890"]
[EventDate "2019.10.05"]

1. e4 c5 2. Nf3 Nc6 3. d4 cxd4 4. Nxd4 e6 5. Nc3 a6 6. g3 Qc7 7. Bg2 Nf6 8. O-O
Be7 9. Re1 d6 10. Nxc6 bxc6 11. e5 dxe5 12. Rxe5 O-O 13. Bf4 Qd7 14. Qxd7 Bxd7
15. Rd1 Rfd8 16. Na4 Be8 17. Ree1 Rxd1 18. Rxd1 Nd5 19. Be5 Rc8 20. c4 Nb4 21.
a3 Nc2 22. Be4 1-0

[Event "Chigorin Memorial 2019"]
[Site "St Petersburg RUS"]
[Date "2019.10.05"]
[Round "1.50"]
[White "Sorin, Boris"]
[Black "Khlebovich, Alexander"]
[Result "0-1"]
[BlackTitle "FM"]
[WhiteElo "1937"]
[BlackElo "2398"]
[WhiteFideId "24125229"]
[BlackFideId "4169123"]
[EventDate "2019.10.05"]

1. e4 c5 2. Nf3 d6 3. d4 cxd4 4. Nxd4 Nf6 5. Nc3 a6 6. Be3 e6 7. Be2 Be7 8. O-O
Qc7 9. f4 Nc6 10. Qe1 O-O 11. Qg3 d5 12. exd5 Nxd5 13. Nxd5 exd5 14. c3 Bf6 15.
Qf2 Bxd4 16. Bxd4 Bf5 17. Bb6 Qc8 18. Rad1 Be4 19. c4 Qf5 20. Rd2 Rac8 21. Rfd1
dxc4 22. Bxc4 Ne7 23. Bb3 Ng6 24. Be3 h5 25. Bd5 Rfe8 26. g3 h4 27. Bxe4 Qxe4
28. Bd4 Rc6 29. Bc3 Nf8 30. Qg2 Qe3+ 31. Qf2 Qe4 32. Qg2 Qe7 33. Qf3 Re6 34. Rf2
hxg3 35. hxg3 Re3 36. Qg4 f5 37. Qh3 Qe6 38. Qg2 Qg6 39. Rf3 Qg4 40. Rdf1 Re2
41. R1f2 R2e4 42. Rf1 Ng6 43. R1f2 b5 44. a3 R8e6 45. Rf1 Ne7 46. Be5 Nc6 47.
Bc3 a5 48. b3 b4 49. axb4 axb4 50. Bb2 Re2 51. R1f2 Re1+ 52. Rf1 R1e2 53. R1f2
R2e4 54. Rf1 Ne7 55. Be5 Ng6 56. Bb2 Re2 57. R1f2 Re1+ 58. Rf1 R6e2 59. Rf2 Rxf2 0-1

[Event "Chigorin Memorial 2019"]
[Site "St Petersburg RUS"]
[Date "2019.10.05"]
[Round "1.51"]
[White "Sawlin, Leonid"]
[Black "Tsapalin, Sergey"]
[Result "1-0"]
[WhiteTitle "FM"]
[WhiteElo "2395"]
[BlackElo "1932"]
[WhiteFideId "4689542"]
[BlackFideId "4107071"]
[EventDate "2019.10.05"]

1. e4 e5 2. Nf3 Nc6 3. d4 exd4 4. Nxd4 Bc5 5. Nb3 Bb4+ 6. Bd2 a5 7. a3 Be7 8.
Nc3 a4 9. Nc1 Nf6 10. Bb5 O-O 11. O-O Re8 12. Re1 Bf8 13. Bg5 Ra5 14. Bh4 Ne5
15. Bxa4 Ng6 16. Bxf6 Qxf6 17. Nd3 Rg5 18. Nd5 Qd8 19. f4 Rxd5 20. exd5 Ne7 21.
Qe2 g6 22. Nb4 Bg7 23. c3 Kf8 24. Qf2 Nf5 25. Rxe8+ Qxe8 26. Qc5+ 1-0

[Event "Chigorin Memorial 2019"]
[Site "St Petersburg RUS"]
[Date "2019.10.05"]
[Round "1.52"]
[White "Guseva, Oksana"]
[Black "Padmini, Rout"]
[Result "0-1"]
[BlackTitle "IM"]
[WhiteElo "1925"]
[BlackElo "2394"]
[WhiteFideId "34400940"]
[BlackFideId "5029295"]
[EventDate "2019.10.05"]

1. e4 e5 2. Nf3 Nc6 3. Bb5 Nf6 4. O-O Nxe4 5. Re1 Nd6 6. Nxe5 Be7 7. Bf1 O-O 8.
d4 Nf5 9. c3 Nxe5 10. Rxe5 d6 11. Re1 d5 12. Bf4 c6 13. Bd3 Nh4 14. Bg3 Nf5 15.
Bf4 Nh4 16. Bg3 Bg5 17. Bxh4 Bxh4 18. Qh5 g6 19. Qf3 Be7 20. Nd2 Bd6 21. h3 Kg7
22. Nf1 h5 23. Ne3 Bc7 24. Re2 Re8 25. Rae1 Re6 26. g4 Qg5 27. Qg2 Bd7 28. gxh5
Qxh5 29. Ng4 Rh8 30. Rxe6 Bxe6 31. Re3 Bf4 32. Rf3 Qg5 33. Bf1 Rh5 34. Ne3 Qh4
35. Ng4 Bb8 36. Be2 Rg5 37. Re3 Bf4 38. Rf3 Bd6 39. Re3 Bd7 40. Qf1 Bxg4 0-1

[Event "Chigorin Memorial 2019"]
[Site "St Petersburg RUS"]
[Date "2019.10.05"]
[Round "1.53"]
[White "Duzhakov, Ilya"]
[Black "Stepanyan, Eva"]
[Result "1/2-1/2"]
[WhiteTitle "IM"]
[BlackTitle "WFM"]
[WhiteElo "2401"]
[BlackElo "1922"]
[WhiteFideId "4192516"]
[BlackFideId "34165980"]
[EventDate "2019.10.05"]

1. d4 Nf6 2. c4 e6 3. Nf3 d5 4. Nc3 Bb4 5. e3 O-O 6. Bd3 c5 7. O-O cxd4 8. exd4
dxc4 9. Bxc4 b6 10. Bg5 Bb7 11. Qe2 Nbd7 12. Ne5 Bxc3 13. bxc3 Qc7 14. Nxd7 Nxd7
15. Bd3 Qxc3 16. Rfd1 Rfc8 17. Rac1 Qa5 18. Bb5 a6 19. Bxd7 Qxg5 20. f4 Qxf4 21.
Bxc8 Rxc8 22. Rxc8+ Bxc8 23. d5 h6 24. d6 Qa4 25. Rc1 Bd7 26. Qc4 Qa3 27. Qc7 e5
28. Rc3 Qb4 29. h3 Qd4+ 30. Kh1 Be6 31. Rf3 Qd1+ 32. Kh2 Qd4 33. Rxf7 Bxf7 34.
d7 Qf4+ 35. Kh1 Qf1+ 36. Kh2 Qf4+ 1/2-1/2

[Event "Chigorin Memorial 2019"]
[Site "St Petersburg RUS"]
[Date "2019.10.05"]
[Round "1.55"]
[White "Yagupov, Igor"]
[Black "Rubtsov, Aleksandr"]
[Result "1-0"]
[WhiteTitle "GM"]
[WhiteElo "2381"]
[BlackElo "1883"]
[WhiteFideId "4113632"]
[BlackFideId "34179272"]
[EventDate "2019.10.05"]

1. d4 d5 2. c4 c6 3. Nf3 Nf6 4. Nc3 e6 5. e3 Nbd7 6. Qc2 Bd6 7. b3 O-O 8. Be2
Re8 9. O-O dxc4 10. bxc4 e5 11. h3 e4 12. Ng5 Qe7 13. c5 Bc7 14. Bc4 Nd5 15.
Qxe4 Qxe4 16. Ngxe4 Nxc3 17. Nxc3 Nf6 18. f3 b5 19. cxb6 axb6 20. e4 Ba6 21.
Bxa6 Rxa6 22. Bb2 Nd7 23. d5 cxd5 24. Nxd5 Bd6 25. Rfd1 b5 26. a3 Ne5 27. Nb4
Bc5+ 28. Kf1 Rae6 29. Bxe5 Bxb4 30. axb4 Rxe5 31. Ra7 f5 32. Rdd7 fxe4 33. Rxg7+
Kh8 34. Rxh7+ Kg8 35. Rhg7+ Kh8 36. f4 Rd5 37. Rh7+ Kg8 38. Rag7+ Kf8 39. Rd7
Rxd7 40. Rxd7 e3 41. Rb7 Re4 42. Rxb5 Rxf4+ 43. Ke2 Rf2+ 44. Kxe3 Rxg2 45. Re5
Rg3+ 46. Kd4 Rxh3 47. b5 Kf7 48. Kc5 Rc3+ 49. Kb6 Kf6 50. Re1 Rd3 51. Kc6 Rc3+
52. Kb7 Rb3 53. b6 Rb2 54. Kc7 Rc2+ 55. Kb8 Kf5 56. b7 Rc3 57. Ra1 Re3 58. Ka8 1-0

[Event "Chigorin Memorial 2019"]
[Site "St Petersburg RUS"]
[Date "2019.10.05"]
[Round "1.56"]
[White "Kurchenko, Egor"]
[Black "Chekletsov, Ilya"]
[Result "0-1"]
[BlackTitle "IM"]
[WhiteElo "1917"]
[BlackElo "2377"]
[WhiteFideId "54157749"]
[BlackFideId "24177156"]
[EventDate "2019.10.05"]

1. e4 c5 2. Nf3 d6 3. d4 cxd4 4. Nxd4 Nf6 5. Nc3 g6 6. Be3 Bg7 7. f3 O-O 8. Qd2
Nc6 9. Bc4 Bd7 10. O-O-O Na5 11. Be2 a6 12. g4 b5 13. h4 Rb8 14. h5 e5 15. h6
Bh8 16. Nf5 b4 17. Nb1 gxf5 18. gxf5 Re8 19. Rhg1+ Kf8 20. Qxd6+ Re7 21. Ba7 Ra8
22. Bb6 Nb7 23. Qxb4 Qc8 24. Nc3 Qc6 25. Bc4 a5 26. Qb3 Nc5 27. Bxc5 Qxc5 28.
Nd5 Nxd5 29. Bxd5 Rc8 30. Rg2 a4 31. Qd3 Bb5 32. Qd2 Bf6 33. Rdg1 Rec7 34. Qd1
a3 35. f4 axb2+ 36. Kb1 Ba4 0-1

[Event "Chigorin Memorial 2019"]
[Site "St Petersburg RUS"]
[Date "2019.10.05"]
[Round "1.57"]
[White "Suleymenov, Alisher"]
[Black "Filimonov, Mikhail A."]
[Result "1-0"]
[WhiteTitle "IM"]
[WhiteElo "2370"]
[BlackElo "1915"]
[WhiteFideId "13707833"]
[BlackFideId "24205354"]
[EventDate "2019.10.05"]

1. Nf3 Nf6 2. c4 c6 3. e3 d5 4. Nc3 e6 5. Qc2 Nbd7 6. b3 Bd6 7. Bb2 O-O 8. Be2
e5 9. cxd5 cxd5 10. Nb5 Bb8 11. Rc1 a6 12. Ba3 Re8 13. Nc7 Bxc7 14. Qxc7 Qxc7
15. Rxc7 d4 16. exd4 Nd5 17. Rc1 Nf4 18. Bd6 Nxg2+ 19. Kf1 Nf4 20. dxe5 Nf6 21.
Rc4 N6d5 22. Rg1 Bd7 23. Nd4 b5 24. Rc5 Rac8 25. b4 Nxb4 26. e6 Bxe6 27. Nxe6
Rxc5 28. Rxg7+ Kh8 29. Nxc5 Kxg7 30. Bxf4 Rc8 31. a3 Rxc5 32. axb4 Rc1+ 33. Kg2
Kf6 34. Kf3 Ke6 35. Be3 Rh1 36. Kg2 Rb1 37. Bc5 Rb2 38. Bg4+ f5 39. Bf3 Rxd2 40.
Bb7 Ra2 41. Bb6 1-0

[Event "Chigorin Memorial 2019"]
[Site "St Petersburg RUS"]
[Date "2019.10.05"]
[Round "1.58"]
[White "Usacheva, Glafira"]
[Black "Nie, Xinyang"]
[Result "0-1"]
[WhiteElo "1905"]
[BlackElo "2366"]
[WhiteFideId "34119741"]
[BlackFideId "8607222"]
[EventDate "2019.10.05"]

1. d4 d5 2. c4 e6 3. Nc3 a6 4. e4 dxe4 5. Nxe4 Bb4+ 6. Nc3 c5 7. Be3 Nc6 8. Nf3
Qa5 9. Qc2 cxd4 10. Nxd4 Nxd4 11. Bxd4 e5 12. Be3 Bf5 13. Bd3 Bxd3 14. Qxd3 Rd8
15. Qc2 Rc8 16. O-O Bxc3 17. bxc3 Rxc4 18. Qe2 Rc6 19. Rab1 Qc7 20. Qb2 Nf6 21.
Qxb7 O-O 22. Qxc7 Rxc7 23. Rfc1 Rc4 24. Rb4 Rfc8 25. Rxc4 Rxc4 26. Rd1 h6 27.
Rd6 Rxc3 28. Rxa6 Nd5 29. Ra5 Nxe3 30. fxe3 Rxe3 31. Kf2 Re4 32. a4 f6 33. Ra7
Kh7 34. Kf3 Rf4+ 35. Ke3 h5 36. Ra8 Kg6 37. Ra6 Rb4 38. Ra7 h4 39. a5 Rb2 40.
Kf3 e4+ 41. Kxe4 Rxg2 42. h3 Rg3 43. Kf4 Rxh3 44. Kg4 Rh1 45. a6 f5+ 46. Kf3 Ra1
47. Kf2 Ra2+ 0-1

[Event "Chigorin Memorial 2019"]
[Site "St Petersburg RUS"]
[Date "2019.10.05"]
[Round "1.59"]
[White "Saveliev, Alexei"]
[Black "Sorokin, Artem"]
[Result "1-0"]
[WhiteTitle "IM"]
[WhiteElo "2363"]
[BlackElo "1904"]
[WhiteFideId "24128546"]
[BlackFideId "44133561"]
[EventDate "2019.10.05"]

1. e4 c5 2. Nf3 Nc6 3. Nc3 e5 4. Bc4 Be7 5. d3 Nf6 6. Ng5 O-O 7. f4 exf4 8. Bxf4
d6 9. O-O Bg4 10. Qe1 Nd4 11. Qf2 h6 12. Nf3 Nxf3+ 13. gxf3 Bh3 14. Rfe1 Nh5 15.
Bg3 Bf6 16. Ne2 g5 17. Kh1 Be6 18. f4 Bxc4 19. dxc4 Bxb2 20. Rad1 Qe7 21. Qf3
Nf6 22. e5 dxe5 23. fxe5 Nd7 24. Qxb7 Bd4 25. Nxd4 cxd4 26. Rxd4 Rfd8 27. e6
fxe6 28. Red1 1-0

[Event "Chigorin Memorial 2019"]
[Site "St Petersburg RUS"]
[Date "2019.10.05"]
[Round "1.60"]
[White "Shmoilov, Dmitry"]
[Black "Can, Isik"]
[Result "0-1"]
[BlackTitle "IM"]
[WhiteElo "1904"]
[BlackElo "2361"]
[WhiteFideId "24160342"]
[BlackFideId "6383742"]
[EventDate "2019.10.05"]

1. d4 Nf6 2. c4 e6 3. Nf3 c5 4. d5 b5 5. Bg5 exd5 6. cxd5 h6 7. Bxf6 Qxf6 8. Nc3
b4 9. Na4 d6 10. e4 Be7 11. Bb5+ Nd7 12. O-O O-O 13. Re1 Ne5 14. Nxe5 Qxe5 15.
Qc2 Rb8 16. Bc6 Bf6 17. Rad1 g6 18. b3 Ba6 19. Rb1 Bg7 20. Re3 f5 21. Nb2 fxe4
22. Nc4 Bxc4 23. Qxc4 Qf4 24. Rxe4 Qxf2+ 25. Kh1 Be5 26. Qe2 Rf6 27. g3 Rbf8 28.
Bb5 h5 29. Rc1 Qf5 30. Qg2 Qg5 31. Rc2 Bd4 32. Rf4 Rxf4 33. gxf4 Qf5 34. Rc1 Kh7
35. Rf1 Be3 36. Qf3 Qxf4 37. Qxf4 Bxf4 38. Kg2 Kh6 39. h4 g5 40. hxg5+ Kxg5 41.
Bd7 a5 42. Kh3 h4 43. Rf3 Rf7 44. Be6 Ra7 45. Rf2 a4 46. Bg4 axb3 47. axb3 Ra3
48. Bd1 Bg3 49. Rd2 Kf4 50. Kg2 Ke3 51. Re2+ Kd3 52. Kf3 Ra8 53. Bc2+ Kc3 0-1

[Event "Chigorin Memorial 2019"]
[Site "St Petersburg RUS"]
[Date "2019.10.05"]
[Round "1.61"]
[White "Bublei, Pavel"]
[Black "Khurkhesova, Viktoriya"]
[Result "1-0"]
[WhiteTitle "FM"]
[WhiteElo "2358"]
[BlackElo "1897"]
[WhiteFideId "24112593"]
[BlackFideId "54115116"]
[EventDate "2019.10.05"]

1. d4 d5 2. c4 c6 3. Nf3 Nf6 4. e3 e6 5. Nbd2 Nbd7 6. Bd3 Bd6 7. O-O O-O 8. e4
dxe4 9. Nxe4 Nxe4 10. Bxe4 c5 11. Bc2 h6 12. Qd3 Nf6 13. Rd1 Qc7 14. dxc5 Bxc5
15. b4 Be7 16. Bb2 Rd8 17. Qb3 Bd7 18. Be5 Qc8 19. Rd4 Bc6 20. Rxd8+ Bxd8 21.
Nd4 Nd7 22. Bd6 Nf8 23. Rd1 Bf6 24. Nxc6 Qxc6 25. b5 Qe8 26. Be4 Rd8 27. c5 a6
28. c6 axb5 29. c7 Rxd6 30. Rxd6 Qc8 31. Qc2 1-0

[Event "Chigorin Memorial 2019"]
[Site "St Petersburg RUS"]
[Date "2019.10.05"]
[Round "1.62"]
[White "Borisov, Sergey"]
[Black "Timerkhanov, Alexander"]
[Result "0-1"]
[BlackTitle "FM"]
[WhiteElo "1885"]
[BlackElo "2354"]
[WhiteFideId "4169301"]
[BlackFideId "24177938"]
[EventDate "2019.10.05"]

1. Nf3 Nf6 2. e3 d5 3. c4 c6 4. b3 Bg4 5. Bb2 e6 6. Be2 Nbd7 7. O-O Bd6 8. d4
O-O 9. Nc3 Qe7 10. h3 Bh5 11. c5 Bc7 12. b4 a6 13. Ne5 Bxe2 14. Nxe2 Nxe5 15.
dxe5 Nd7 16. f4 f6 17. exf6 Nxf6 18. Ng3 e5 19. Nf5 Qe6 20. fxe5 Bxe5 21. Bxe5
Qxe5 22. Qd4 Rae8 23. Rf3 Qxd4 24. exd4 Ne4 25. a4 g6 26. Nh6+ Kg7 27. Rxf8 Rxf8
28. Ng4 Nc3 29. Re1 Nxa4 30. Re7+ Rf7 31. Re8 Nc3 32. Ne5 Rc7 33. Nf3 Ne4 34.
Ne5 Ng3 35. Nf3 Nf5 36. g4 Re7 37. Rb8 Ne3 38. Ne5 Nc2 39. Nd3 Nxd4 0-1

[Event "Chigorin Memorial 2019"]
[Site "St Petersburg RUS"]
[Date "2019.10.05"]
[Round "1.63"]
[White "Smirnov, Timofey"]
[Black "Kuizhev, Adam"]
[Result "1-0"]
[WhiteTitle "FM"]
[WhiteElo "2354"]
[BlackElo "1879"]
[WhiteFideId "24176427"]
[BlackFideId "44166265"]
[EventDate "2019.10.05"]

1. e4 c6 2. d4 d5 3. e5 Bf5 4. Nf3 e6 5. Be2 Nd7 6. O-O Ne7 7. Nh4 Bg6 8. Nd2 c5
9. c3 Nc6 10. Nxg6 hxg6 11. Nf3 Rc8 12. Be3 Qb6 13. Qd2 cxd4 14. cxd4 Bb4 15.
Qd3 O-O 16. h4 Be7 17. a3 Na5 18. Rab1 Qb3 19. g3 Nb6 20. Kg2 Nbc4 21. Bf4 Qxd3
22. Bxd3 Nb3 23. Rh1 Rfe8 24. Rh2 Kf8 25. h5 gxh5 26. Rxh5 Bd8 27. Rh7 Rc7 28.
Rbh1 Rc8 29. Bc2 Nca5 30. Bd1 b5 31. g4 Nc1 32. Bd2 Na2 33. Rh8+ Ke7 34. Rxe8+
Kxe8 35. Rh8+ Kd7 36. Rxd8+ Rxd8 37. Bxa5 Rc8 38. Bd2 Nc1 39. Ne1 a6 40. Kf3 f6
41. exf6 gxf6 42. Bc2 Na2 43. Ke2 Rc4 44. Ke3 Rc7 45. f4 Kd6 46. g5 fxg5 47.
fxg5 Ke7 48. Kd3 b4 49. Nf3 b3 50. Bxb3 Nc1+ 51. Bxc1 Rxc1 52. Ne5 Rg1 53. g6
Kf6 54. Bc2 Rg3+ 55. Kd2 Rh3 56. Bd3 a5 57. Kc3 a4 58. b3 1-0

[Event "Chigorin Memorial 2019"]
[Site "St Petersburg RUS"]
[Date "2019.10.05"]
[Round "1.64"]
[White "Khodko, Yurii N."]
[Black "Purtov, Andrei"]
[Result "1/2-1/2"]
[BlackTitle "IM"]
[WhiteElo "1877"]
[BlackElo "2353"]
[WhiteFideId "24264717"]
[BlackFideId "4102037"]
[EventDate "2019.10.05"]

1. e4 c5 2. Nf3 d6 3. d4 cxd4 4. Nxd4 Nf6 5. Nc3 a6 6. Bg5 e6 7. Qd2 Be7 8.
O-O-O Qc7 9. g4 h6 10. Bxf6 Bxf6 11. Bg2 Nd7 12. f4 Nb6 13. b3 e5 14. Nf5 Bxf5
15. exf5 O-O-O 16. g5 Be7 17. gxh6 gxh6 18. Nd5 Nxd5 19. Bxd5 Bf6 20. Kb1 Kb8
21. fxe5 Bxe5 22. c4 Rdg8 23. Rdg1 h5 24. Rxg8+ Rxg8 25. Qh6 Qc5 26. Rd1 Qf2 27.
Qd2 Qxf5+ 28. Qd3 Qxd3+ 29. Rxd3 Rg1+ 30. Kc2 f5 31. Rh3 Ra1 32. Rxh5 Rxa2+ 33.
Kd3 Bxh2 34. Rxf5 Rb2 35. Kc3 Ra2 36. Rf8+ Kc7 37. Rf7+ Kd8 38. Rxb7 a5 39. Rb8+
Kc7 40. Rb7+ Kc8 1/2-1/2

[Event "Chigorin Memorial 2019"]
[Site "St Petersburg RUS"]
[Date "2019.10.05"]
[Round "1.65"]
[White "Gabdrakhmanov, Azat"]
[Black "Zhapova, Yana"]
[Result "1-0"]
[WhiteTitle "FM"]
[WhiteElo "2353"]
[BlackElo "1878"]
[WhiteFideId "34189197"]
[BlackFideId "24278670"]
[EventDate "2019.10.05"]

1. e4 c5 2. Nf3 d6 3. d4 cxd4 4. Nxd4 Nf6 5. Nc3 a6 6. Be3 e5 7. Nb3 Be7 8. f3
Be6 9. Qd2 Nbd7 10. g4 O-O 11. O-O-O b5 12. g5 b4 13. Ne2 Ne8 14. f4 a5 15. f5
a4 16. fxe6 axb3 17. cxb3 fxe6 18. Kb1 Qa5 19. Nc1 Nc7 20. Bc4 Nb6 21. Bxb6 Qxb6
22. Rhf1 Rad8 23. Qg2 d5 24. Rxf8+ Bxf8 25. g6 Kh8 26. gxh7 Qc6 27. Be2 Ne8 28.
Rf1 Bd6 29. exd5 exd5 30. Qg6 Rc8 31. Bg4 Rc7 32. Ne2 Nf6 33. Rxf6 gxf6 34. Qg8# 1-0

[Event "Chigorin Memorial 2019"]
[Site "St Petersburg RUS"]
[Date "2019.10.05"]
[Round "1.66"]
[White "Sheynin, Izrail"]
[Black "Obgolts, Erik"]
[Result "0-1"]
[BlackTitle "FM"]
[WhiteElo "1871"]
[BlackElo "2352"]
[WhiteFideId "4186230"]
[BlackFideId "24199044"]
[EventDate "2019.10.05"]

1. e4 g6 2. d4 Bg7 3. Nc3 c6 4. Bc4 d6 5. Be3 e6 6. Qd2 d5 7. exd5 cxd5 8. Bb3
Nc6 9. Nf3 Nge7 10. Bh6 Bxh6 11. Qxh6 Nf5 12. Qd2 O-O 13. h4 Qf6 14. O-O-O h5
15. Ne2 Kg7 16. Ng3 Nd6 17. Rhe1 a5 18. a4 Bd7 19. Ne5 Be8 20. Nxc6 Bxc6 21. Re5
Rh8 22. c3 b5 23. axb5 a4 24. Ba2 Bxb5 25. Qg5 Bc4 26. Qxf6+ Kxf6 27. Bxc4 Nxc4
28. Re2 a3 29. bxa3 Rxa3 30. Kc2 Rb8 31. Rb1 Ra2+ 32. Kc1 Rba8 33. Kd1 Ra1 34.
Rxa1 Rxa1+ 35. Kc2 Rg1 36. Kd3 Rxg2 37. Ne4+ Kg7 38. Ng5 Rg4 39. Ra2 Rf4 40. Ra7
Rxf2 41. Nxe6+ Kh6 0-1

[Event "Chigorin Memorial 2019"]
[Site "St Petersburg RUS"]
[Date "2019.10.05"]
[Round "1.67"]
[White "Ponfilenok, Vladimir"]
[Black "Shapiyanov, Adam"]
[Result "1-0"]
[WhiteElo "2348"]
[BlackElo "1871"]
[WhiteFideId "24113522"]
[BlackFideId "24123390"]
[EventDate "2019.10.05"]

1. d4 Nf6 2. c4 g6 3. Nf3 d5 4. cxd5 Nxd5 5. e4 Nb6 6. Be2 Bg7 7. O-O O-O 8. h3
c5 9. dxc5 Qxd1 10. Rxd1 Na4 11. Nc3 Nxc3 12. bxc3 Bxc3 13. Rb1 Nc6 14. Bh6 Rd8
15. Bc4 Bg7 16. Bxg7 Kxg7 17. Bd5 Na5 18. Rb5 Nc6 19. Rdb1 e6 20. Bxc6 bxc6 21.
Ra5 Kf6 22. e5+ Ke7 23. Rb4 Rd5 24. Rh4 h5 25. Rf4 Bd7 26. h4 a6 27. Rb4 Ra7 28.
Rb8 Be8 29. Kh2 Rd8 30. Rb6 Rd5 31. Rb8 Rd8 32. Rxd8 Kxd8 33. Ng5 Ke7 34. Ne4
Bd7 35. Kg3 Ra8 36. Kf4 Be8 37. Nd6 Bd7 38. f3 Ra7 39. Kg5 Ra8 40. Ra4 a5 41.
Nc4 Rf8 42. Rxa5 f6+ 43. exf6+ Rxf6 44. Ra7 Rf5+ 45. Kxg6 Kd8 46. Nd6 Be8+ 47.
Kg7 Rd5 48. Ra8+ Kd7 49. Nxe8 Rxc5 50. Nf6+ Kc7 51. g4 1-0

[Event "Chigorin Memorial 2019"]
[Site "St Petersburg RUS"]
[Date "2019.10.05"]
[Round "1.68"]
[White "Gubatayeva, Ayshe"]
[Black "Nandhidhaa, P V"]
[Result "0-1"]
[BlackTitle "WIM"]
[WhiteElo "1870"]
[BlackElo "2348"]
[WhiteFideId "14005913"]
[BlackFideId "5050847"]
[EventDate "2019.10.05"]

1. d4 Nf6 2. c4 e6 3. g3 d5 4. Bg2 Bb4+ 5. Bd2 Be7 6. Nf3 O-O 7. O-O c6 8. Nc3
dxc4 9. e4 b5 10. a3 Nbd7 11. Qe2 Bb7 12. a4 a6 13. Rfd1 Re8 14. Bg5 Qb6 15. a5
Qa7 16. e5 Nd5 17. Ne4 Bf8 18. Be3 Rac8 19. Nfg5 h6 20. Qh5 g6 21. Qh4 hxg5 22.
Nxg5 Bg7 23. Qh7+ Kf8 24. Ne4 Nxe3 25. fxe3 c5 26. Nd6 Bxg2 27. Kxg2 Re7 28.
Nxc8 Qa8+ 29. Kg1 Qxc8 30. Rf1 cxd4 31. exd4 Qb7 32. Qxg6 Qa7 33. Qe4 Nxe5 34.
Kg2 Nd3 35. b3 Qxd4 36. Qa8+ Re8 37. Qf3 Qd5 38. Qxd5 exd5 39. Ra2 c3 40. Rd1
Nb4 41. Rf2 c2 42. Rdf1 Re7 43. Rd2 d4 44. Kf2 d3 45. Kf3 Bh6 46. Rg2 d2 0-1

[Event "Chigorin Memorial 2019"]
[Site "St Petersburg RUS"]
[Date "2019.10.05"]
[Round "1.69"]
[White "Ovchinnikov, Vsevolod"]
[Black "Chetyrev, Dmitry"]
[Result "1-0"]
[WhiteTitle "FM"]
[WhiteElo "2345"]
[BlackElo "1869"]
[WhiteFideId "24176842"]
[BlackFideId "24175323"]
[EventDate "2019.10.05"]

1. d4 e6 2. c4 f5 3. g3 Nf6 4. Bg2 d5 5. Nf3 c6 6. O-O Bd6 7. Qc2 O-O 8. Nc3 Ne4
9. Rb1 b6 10. b4 Nxc3 11. Qxc3 b5 12. cxb5 cxb5 13. Bf4 Bxf4 14. gxf4 Nd7 15.
Qc6 Qb6 16. Rfc1 Bb7 17. Qxb6 Nxb6 18. Ng5 Rfe8 19. Rc7 Rab8 20. Rbc1 Nc4 21.
Bf3 a6 22. Bh5 Rec8 23. Bf7+ Kh8 24. Re7 Nd6 25. Rc5 Ne4 26. Nxe4 1-0

[Event "Chigorin Memorial 2019"]
[Site "St Petersburg RUS"]
[Date "2019.10.05"]
[Round "1.70"]
[White "Shkuratov, Vladimir"]
[Black "Gubajdullin, Alexei"]
[Result "0-1"]
[BlackTitle "FM"]
[WhiteElo "1869"]
[BlackElo "2345"]
[WhiteFideId "44158190"]
[BlackFideId "4141202"]
[EventDate "2019.10.05"]

1. e4 c5 2. Nf3 a6 3. c3 d5 4. exd5 Qxd5 5. d4 e6 6. Be2 Nf6 7. O-O Nc6 8. Be3
cxd4 9. cxd4 Be7 10. Nc3 Qd6 11. Qd2 O-O 12. Rfd1 Nd5 13. Rac1 Rd8 14. Nxd5 Qxd5
15. Bc4 Qh5 16. a3 e5 17. Be2 Qg6 18. Qe1 Bh3 19. Bf1 Bg4 20. Be2 Bxf3 21. Bxf3
exd4 22. Bxc6 dxe3 23. Bxb7 Bc5 24. fxe3 Rxd1 25. Rxd1 Re8 26. b4 Rxe3 27. bxc5
Rxe1+ 28. Rxe1 Kf8 29. c6 Qc2 30. Re3 f5 31. Kf1 f4 32. Rf3 g5 33. h3 a5 34. g3
Qe4 35. Kf2 Ke7 36. gxf4 gxf4 37. Ba6 Qxc6 38. Be2 Qc5+ 39. Kg2 Qd5 40. Kf2 Qd4+
41. Kf1 Kf6 42. Kg2 Ke5 43. Kf1 Qa1+ 44. Kf2 h6 45. Rd3 Ke4 46. Rf3 Qb1 47. Rc3
Qb6+ 48. Kf1 a4 49. Rf3 Qd4 50. Kg2 Qb2 51. Kf1 Qb1+ 52. Kf2 Qh1 53. Rd3 Qh2+
54. Kf1 Ke5 55. Rf3 Kf5 56. Bd3+ Kg5 57. Be2 Kh4 58. Rd3 Qh1+ 59. Kf2 Qh2+ 60.
Kf1 Kg5 61. Rf3 Kf5 62. Bd3+ Ke5 63. Be2 Ke4 64. Rd3 Qh1+ 65. Kf2 Qb1 66. Rf3
Qb6+ 67. Kf1 Qf6 68. Kf2 Qb6+ 69. Kf1 Qd4 70. Kg2 Qd8 71. Kf1 Qa5 72. Kf2 Qd2
73. Kf1 Kd4 74. Kf2 Kc5 75. Kf1 Kb6 76. Kf2 Kc7 77. Kf1 Kb7 78. Kf2 Qc1 79. Rd3
Kc7 80. Rf3 Kd6 81. Rd3+ Ke7 82. Rf3 h5 83. Rd3 Kf6 84. Rf3 Ke5 85. Rd3 Ke4 86.
Rf3 Qh1 87. Rd3 Qa1 88. Rf3 Qb1 89. Rc3 Kd4 90. Rf3 Qb6 91. Kf1 Ke4 92. Kg2 Qd8
93. Kf1 Qh4 94. Rd3 Ke5 95. Rf3 Kd5 96. Rd3+ Ke4 97. Rf3 Qf6 98. Kg2 Qg7+ 99.
Kf1 Qa1+ 100. Kf2 Qb1 101. Rc3 Kd4 102. Rc4+ Ke5 103. Rc3 Qh1 104. Rd3 Qh2+ 105.
Kf1 Qh1+ 106. Kf2 Qb1 107. Rf3 Qc2 108. Rd3 Kf5 109. Rf3 Ke4 110. Kf1 Qb1+ 111.
Kf2 h4 112. Rc3 Qb6+ 113. Kf1 Qf6 114. Rf3 Qg7 115. Kf2 Qa7+ 116. Kf1 Qd4 117.
Kg2 Qa1 118. Kf2 Qh1 119. Rd3 Qh2+ 120. Kf1 Ke5 121. Rf3 Kd4 122. Rd3+ Kc4 123.
Rf3+ Kc5 124. Rc3+ Kd4 125. Rd3+ Ke4 126. Rf3 Qh1+ 127. Kf2 Ke5 128. Rd3 Qb1
129. Rc3 Qa2 130. Rd3 Qa1 131. Rf3 Qc1 132. Rd3 Qb1 133. Rc3 Qb6+ 134. Kf1 Qg6
135. Rf3 Kd4 136. Kf2 Qb6 137. Kf1 Ke4 138. Rc3 Qb8 139. Kf2 Qa7+ 140. Kf1 Qg7
141. Rd3 Qh8 142. Kf2 Qa1 143. Rf3 Qc1 144. Rd3 Qc5+ 145. Kf1 Qc1+ 146. Kf2 Qb1
147. Rc3 Qb6+ 148. Kf1 Qb8 149. Kf2 Qd6 150. Kf1 f3 151. Rxf3 Qh2 152. Rd3 Qf4+
153. Kg2 Qg5+ 154. Kf2 Qc5+ 155. Kf1 Qf5+ 156. Kg2 Qf4 157. Rf3 Qd2 158. Kf2
Qd4+ 159. Kf1 Qc5 160. Kg2 Qg5+ 161. Kf1 Qc1+ 162. Kf2 Qb1 163. Rc3 Qb6+ 164.
Ke1 Qa5 165. Kd2 Kd4 0-1